000 00580nam a2200241Ia 4500
003 OSt
005 20220912152047.0
006 a|||||r|||| 00| 0
007 ta
008 220909b |||||||| |||| 00| 0 eng d
024 _a60149
037 _cTextual
040 _aCSL
_beng
_cCSL
041 _aeng
082 _aA0bx:275.5, L9
100 _aDanzin A
245 0 _aScience and the second renaissance of Europe
260 _c1979
300 _ap.
_ccm.
650 _aScience
942 _hA0bx:275.5, L9
_cTEXL
_2CC
999 _c80323
_d80323